| 000 | 02933nam0a2200373 4500 | ||
|---|---|---|---|
| 001 | RU\NLR\BIBL_A\016352019 | ||
| 005 | 20230526104708.0 | ||
| 010 |
_a978-5-9669-2244-3 _9200 |
||
| 021 |
_aRU _bКН-П-23-018970 _9КН-П-23-1891 |
||
| 035 | _a(NLR Aleph) 016352019 | ||
| 035 | _a(RuMoRGB)011675190 | ||
| 090 |
_a13124026 _c13124026 |
||
| 100 | _a20230421d2022 u y0rusy50 ca | ||
| 101 | 0 | _arus | |
| 102 | _aRU | ||
| 105 | _aa|||j|||000zy | ||
| 181 | 0 |
_ai _baxxe |
|
| 182 | 0 | _an | |
| 200 | 1 |
_aЛабораторный и аналитический контроль состояния природных и техногенных систем _eучебно-методическое пособие для студентов направлений подготовки 05.03.06 Экология и природопользование (бакалавриат), 20.03.01 Техносферная безопасность (бакалавриат), 05.04.06 Экология и природопользование (магистратура) _fН. В. Онистратенко, Н. В. Герман, А. А. Тихонова [и др.] _gМинистерство науки и высшего образования Российской Федерации, Федеральное государственное автономное образовательное учреждение высшего образования "Волгоградский государственный университет", Институт естественных наук, Кафедра экологии и природопользования |
|
| 203 |
_aТекст _bвизуальный _cнепосредственный |
||
| 210 |
_aВолгоград _cИзд-во Волгоградского государственного университета _d2022 |
||
| 215 |
_a154, [1] с. _cил., табл. _d21 |
||
| 606 | 1 |
_aОкружающая среда _jУчебно-методические пособия для высших учебных заведений _xКонтроль _xАппараты и приборы _92164424 _3RU\NLR\AUTH\661302398 |
|
| 675 |
_a502.174(075.8) _v4 |
||
| 686 | 1 | _aР121.1с5я73 | |
| 686 | 1 | _aД820с5я73 | |
| 701 | 1 |
_aОнистратенко _bН. В. _cканд. биол. наук _gНиколай Владимирович _9161450 _3RU\NLR\AUTH\770161494 |
|
| 701 | 1 |
_aГерман _bН. В. _cканд. биол. наук _gНадежда Валерьевна _9161381 _3RU\NLR\AUTH\770161425 |
|
| 701 | 1 |
_aТихонова _bА. А. _cпреподаватель, экология _gАнна Афанасьевна _9256227 _3RU\NLR\AUTH\770256283 |
|
| 942 | _cBOOK | ||
| 980 | _aNB | ||